30 Maps That Help Make Sense of the World Quiz Stats

 Plays Quiz Updated Feb 1, 2018

Challenge
Share
Tweet
Score 0/30 Timer 15:00
0 Plays Today
% Correct
True
89.3%
A) Use the metric system
84%
A) Rivers feeding into the Mississippi
79.3%
A) Highest-paid public employees
77.8%
B) Pangaea
77.6%
D) Google Street View
76%
B) Most common surname
74.7%
C) Drive on the right side of the road
72.5%
A) McDonald's
71.7%
A) Alcohol
70.9%
C) Vegetation
68.4%
A) 2%
68%
C) Economic center of gravity
67.6%
D) Piracy
67.5%
B) Where 29,000 rubber ducks made landfall after falling off a cargo ship
66.6%
% Correct
C) Population
65.1%
B) Water scarcity
64.4%
A) Population
58.3%
C) Countries Britain has not invaded
57.7%
A) Translated literally from Chinese
57%
A) Maternity leave
54.9%
B) Oil
53.3%
B) Time zone
52%
C) Coffee
50%
D) Writing system
48.1%
A) Bribery
43%
D) The world
37%
C) Lightning strikes
35.3%
C) Busiest air travel routes
34.6%
C) Researchers
25.9%

You're not logged in!

Compare scores with friends on all Sporcle quizzes.
OR
Log In

You Might Also Like...

Show Comments

Extras

Top Quizzes Today


Score Distribution

Your Account Isn't Verified!

In order to create a playlist on Sporcle, you need to verify the email address you used during registration. Go to your Sporcle Settings to finish the process.

Report this User

Report this user for behavior that violates our Community Guidelines.

Details: